000 00469nam a2200169Ia 4500
003 GCL
008 140319s9999 xx 000 0 eng d
040 _aGCL /
_cGCL
082 0 4 _a832.912
_bT C
100 1 _aTHOMSON, PETER
245 1 0 _aTHE CAMBRIDGE COMPANION TO BRECHT /
_cTHOMSON, PETER
260 _a[S.N] :
_bCAMBRIDGE UNIVERSITY PRESS ،
_c1993
300 _a302 P
650 0 4 _aCRITICISM AND INTER PRETATION
650 0 4 _aENGLISH LANGUAGE
942 _2ddc
_cBK
999 _c24495
_d24495